Knowledge economies in the Middle East and North Africa: toward new development strategies (Record no. 48669)
[ view plain ]
| 000 -LEADER | |
|---|---|
| fixed length control field | 00908nam a2200205 a 4500 |
| 008 - FIXED-LENGTH DATA ELEMENTS--GENERAL INFORMATION | |
| fixed length control field | 120416s2003 ||||||||||||||||| || u |
| 050 ## - LIBRARY OF CONGRESS CALL NUMBER | |
| Classification number | IBRD(06)LR/2003/1 |
| 100 ## - MAIN ENTRY--PERSONAL NAME | |
| Personal name | Aubert, Jean-Eric |
| 245 10 - TITLE STATEMENT | |
| Title | Knowledge economies in the Middle East and North Africa: toward new development strategies |
| Statement of responsibility, etc. | edited by Jean-Eric Aubert and Jean-Louis Reiffers |
| 260 ## - PUBLICATION, DISTRIBUTION, ETC. | |
| Place of publication, distribution, etc. | Washington, D.C. |
| Name of publisher, distributor, etc. | World Bank |
| Date of publication, distribution, etc. | 2003 |
| 350 ## - PRICE (NR) (BK AM CF MU VM SE) [OBSOLETE] | |
| Price | 0.00 |
| 490 ## - SERIES STATEMENT | |
| Series statement | WBI learning resources |
| 650 ## - SUBJECT ADDED ENTRY--TOPICAL TERM | |
| Topical term or geographic name entry element | INFORMATION TECHNOLOGY--AFRICA, NORTH |
| 650 ## - SUBJECT ADDED ENTRY--TOPICAL TERM | |
| Topical term or geographic name entry element | KNOWLEDGE MANAGEMENT--AFRICA, NORTH--CONGRESSES |
| 650 ## - SUBJECT ADDED ENTRY--TOPICAL TERM | |
| Topical term or geographic name entry element | KNOWLEDGE MANAGEMENT--MIDDLE EAST--CONGRESSES |
| 650 ## - SUBJECT ADDED ENTRY--TOPICAL TERM | |
| Topical term or geographic name entry element | INFORMATION TECHNOLOGY--MIDDLE EAST |
| 700 ## - ADDED ENTRY--PERSONAL NAME | |
| Personal name | Reiffers, Jean-Louis |
| 710 ## - ADDED ENTRY--CORPORATE NAME | |
| Corporate name or jurisdiction name as entry element | World Bank |
| 995 ## - RECOMMENDATION 995 [LOCAL, UNIMARC FRANCE] | |
| -- | 0.00 |
| -- | CBU-MAIN LIBRARY (Kitwe) |
| -- | 1 |
| -- | 0.00 |
| -- | 1 |
| -- | AVAILABLE |
| -- | Dec 12, 2007 |
| -- | International Publications |
| Withdrawn status | Lost status | Source of classification or shelving scheme | Damaged status | Not for loan | Home library | Current library | Shelving location | Date acquired | Total Checkouts | Full call number | Barcode | Date last seen | Price effective from | Koha item type |
|---|---|---|---|---|---|---|---|---|---|---|---|---|---|---|
| CBU-MAIN LIBRARY, KITWE. | CBU-MAIN LIBRARY, KITWE. | 11/30/2022 | IBRD(06)LR/2003/1 | 48260 | 11/30/2022 | 11/30/2022 | MONOGRAPH |